Seleccionar parroquias Salvaterra de Miño (Galicia) - Estadísticas

Estadísticas generales
  • Esta prueba ha sido intentada 4 veces
  • La puntuación promedio es 8 de 17
Respuestas en el mapa
Las respuestas están codificadas por una escala verde-roja en el mapa de la prueba según el % correcto abajo.
 
Estadísticas de respuestas
Respuesta % Correcto
Pesqueiras
100%
Alxen
75%
Meder
75%
Arantei
50%
Fornelos
50%
Oleiros
50%
Porto
50%
Salvaterra
50%
Soutolobre
50%
Uma
50%
Vilacoba
50%
Cabreira
25%
Corzans
25%
Fiolledo
25%
Leirado
25%
Lira
25%
Lourido
25%
No se encontraron pruebas coincidentes
Distribución de puntuación
Porcentaje de gente con cada puntuación
Porcentaje por número respondido
Historial de tus puntuaciones
No has intentado esta prueba.